| 000 | 00626nam a22001577a 4500 | ||
|---|---|---|---|
| 005 | 20231214115314.0 | ||
| 008 | 231214b |||||||| |||| 00| 0 eng d | ||
| 020 | _a9789777711173 | ||
| 040 | _c. | ||
| 082 |
_2ط1 _a405 A824 2018 |
||
| 100 | _aالانصاري، ابي محمد عبدالله جمال الدين ابن هشام | ||
| 245 |
_aشرح شذور الذهب في معرفة كلام العرب: _b/شرح شذور الذهب للجوجري _cابي محمد عبدالله جمال الدين ابن هشام الانصاري |
||
| 300 |
_a383ص _b24سم |
||
| 650 | _zالنحو والصرف | ||
| 942 |
_2ddc _cBK _n0 |
||
| 999 |
_c6379 _d6379 |
||